Casos de mediación : centro de mediación y métodos alternativos de abordajes y solución de conflictos del Consejo de la Magistratura de la CABA /
Guardado en:
| Autor Principal: | |
|---|---|
| Otros Autores: | , |
| Formato: | Libro |
| Idioma: | Spanish |
| Publicado: |
Ciudad Autónoma de Buenos Aires :
Editorial Jusbaires,
2018.
|
| Edición: | 1º ed. |
| Series: | Colección institucional 2018
|
| Materias: | |
| Acceso en línea: | Casos de mediación |
| Etiquetas: |
Agregar Etiqueta
Sin Etiquetas, Sea el primero en etiquetar este registro!
|
| LEADER | 00843nam a22001935a 4500 | ||
|---|---|---|---|
| 001 | DER.der013863 | ||
| 005 | 20190613093119.0 | ||
| 008 | 190613s2018####ag############000#0#spa#d | ||
| 020 | |a 9789877680232 | ||
| 100 | 1 | |a Berraondo, Soledad. | |
| 245 | 1 | 0 | |a Casos de mediación : |b centro de mediación y métodos alternativos de abordajes y solución de conflictos del Consejo de la Magistratura de la CABA / |c Soledad Berraondo... [et al.]; prefacio de Daniel Fábregas; prólogo de Silvina Leonora Bianco. |
| 250 | |a 1º ed. | ||
| 260 | |a Ciudad Autónoma de Buenos Aires : |b Editorial Jusbaires, |c 2018. | ||
| 300 | |b Libro digital, PDF. | ||
| 490 | 1 | |a Colección institucional 2018 | |
| 653 | |a Mediación | ||
| 700 | 1 | |a Fábregas, Daniel. | |
| 700 | 1 | |a Bianco, Silvina Leonora. | |
| 856 | |u http://editorial.jusbaires.gob.ar/libros/222/online |y Casos de mediación | ||
